000 00542nam a22001937a 4500
005 20240124122712.0
008 240124b |||||||| |||| 00| 0 eng d
020 _a9788184487046
082 _a612
_bSEM-E
100 _aSembulingam, K.
245 _aEssentials of medical physiology /
_cK Sembulingam, Prema Sembulingam.
250 _a5th ed.
260 _aIndia:
_bJaypee Brothers;
_c2010.
300 _a1025 p.:
_bill;
_c23 cm.
500 _aInclude Index.
650 _aPhysiology/Medical
700 _aPrema Sembulingam
999 _c35110
_d35110